000 00247nam a2200109Ia 4500
008 220204s9999 xx 000 0 und d
082 _aNR:33(09)
_bTUD
100 _aTudor, R J
245 0 _aStory of rubber
260 _aLondon
_bBurke
942 _cBK
999 _c20160
_d20160